00434 2200157 4500245010200000020002200102250001100124100001200135650002000147005001900167260003300186041001400219084001100233300002300244336000900267 aTernyata, Aku Bisa Bertahan b : Tentang Jarak Yang Tak Berujung dan Kisah Tanpa KepastianhText a978-623-09-0811-8 aCet. 1 aaaanair aFiksi Indonesia a20240903150233 aYogyakartabBuku Bakluc2022 aIndonesia a808.83 a153 hlm. :c19 cm. atext